Nový minister má modrú knižku

Bibliographic Details
Format: Article
Language:Slovak
Subjects:

MARC

LEADER 00000nab a2200000 a 4500
001 vtls008625268
003 SK-MaSNL
005 20260303071859.0
008 160322c20060202xo ur| 0 0slo
015 |a SNBRB2006/02 
038 |a RVGKPD 
040 |a RVGKPD  |b slo  |c RVGKPD  |e AACR2 
041 |a slo 
044 |a xo  |c SK 
080 |a 354.61  |2 1997 
080 |a 32-051  |2 1997 
245 0 0 |a Nový minister má modrú knižku  |c Patricia Ďurišková 
300 |b Fotogr. 
600 1 7 |a Fedor, Martin,  |d 1974-  |2 snkbucl  |9 103820 
610 1 7 |a Slovensko.  |b Ministerstvo obrany  |2 rvgkpd  |9 114952 
773 0 |t Pravda  |g Roč. XVI, č. 27 (2.2.2006), s. 2  |x 1335-4051 
852 |a RVGKPD  |b KIS3G 
958 |a BX 
992 |a RBX 
999 |c 1761807  |d 1763737